| 000 | 00697nam a2200181 4500 | ||
|---|---|---|---|
| 999 |
_c17386 _d17386 |
||
| 008 | 221005b ||||| |||| 00| 0 eng d | ||
| 020 | _a9781474294874 | ||
| 082 |
_22021 _aDC 372.520440941 _bG862 |
||
| 100 |
_aGregory, Peter. _946256 |
||
| 245 |
_aMastering primary art and design / _cPeter Gregory, Claire March, Suzy Tutchell. |
||
| 260 |
_aLondon : _bBloomsburry Academic, _c©2021. |
||
| 300 |
_axviii, 175 pages : _billustrations ; _c24 cm. |
||
| 500 | _aIncludes bibliography and index. | ||
| 650 |
_aArt and design _vStudy and teaching (Elementary) _zGreat Britain. _946257 |
||
| 700 |
_aMarch, Claire. _eauthor. _946258 |
||
| 700 |
_aTutchell, Suzy. _eauthor. _946259 |
||
| 942 |
_2ddc _cDC |
||